| 000 | 015790000a22002770004500 | ||
|---|---|---|---|
| 003 | EG-GICUC | ||
| 005 | 20250223025251.0 | ||
| 008 | 080510s2003 ua d f m 000 0 ara d | ||
| 040 |
_aEG-GICUC _bara _cEG-GICUC |
||
| 041 | 0 | _aAra | |
| 049 | _aاهداء | ||
| 097 | _aماجستير | ||
| 099 | _aCai01.05.02.M.Sc.2003.اي.م | ||
| 100 | 0 | _aايمان محمد صلاح الدين محمد الشريف | |
| 245 | 1 | 0 |
_aمدخل مقترح لتكامل مفهوم القيمة الاقتصادية المضافة ونظام التكلفة على اساس النشاط بهدف دعم اتخاذ القرارات الادارية : _bدراسة نظرية تطبيقية / _cايمان محمد صلاح الدين محمد الشريف ؛ اشراف زين العابدين سعيد فارس : هادى محسن دعيه |
| 246 | 1 | 5 |
_aA proposed approach to integrate economic value added concept with the activity based costing system to support managerial decision making : _bA theoretical applied study |
| 260 |
_aبورسعيد : _bايمان محمد صلاح الدين محمد الشريف : _c2003 |
||
| 300 |
_a179ص : _bرسوم بيانية ؛ _c25سم |
||
| 502 | _aاطروحة (ماجستير) - جامعة قناة السويس - كلية التجارة ببورسعيد - قسم المحاسبة | ||
| 700 | 0 |
_aزين العابدين سعيد فارس : _eمشرف |
|
| 700 | 0 |
_aهادى محسن دعيه : _eمشرف |
|
| 856 | _uhttp://172.23.153.220/th.pdf | ||
| 905 |
_aEnas _eCataloger |
||
| 905 |
_aMustafa _eRevisor |
||
| 942 |
_2ddc _cTH |
||
| 999 |
_c9254 _d9254 |
||